00000000nam##2200000za#4500
0019.614605
003CaOODSP
00520200327133841
007ta
008150406|1998||||xxc|||||     f|0| 0 eng|d
020 |a0-662-26933-0
022 |a0706-6457
040 |aCaOODSP|beng
043 |an-cn---
0861 |aFs97-6/2218E
1101 |aCanada. |bDepartment of Fisheries and Oceans.
24510|aSharing the waters : |ban evaluation of site fallowing, year class separation and distances between sites for fish health purposes on Atlantic salmon farms / |cby James E. Stewart.
260 |aOttawa - Ontario : |bFisheries and Oceans Canada |c1998.
300 |avii, 56p. : |bfigs., graphs, references, tables ; |c28 cm.
4901 |aCanadian technical report of fisheries and aquatic sciences|x0706-6457|v2218
500 |aPrepared at the Science Branch, Maritime Region, Department of Fisheries and Oceans, Bedford Institute of Oceanography, Dartmouth, Nova Scotia B2Y 4A2. "This report was prepared in direct response to a request from the New Brunswick Department of Fisheries and Aquaticulture and the Department of Fisheries and Oceans. Concern over the increasing incidence of fish health problems, in particular the disease designated Hemorrhagic Kidney Syndrome, led to the decision to conduct a study to determine the experience of other Atlantic salmon aquaculture producing countries in the use of site fallowing, single year class separation, site distances and related management practices."--page 1.
5203 |aThis report was prepared in direct response to a request from the New Brunswick Department of Fisheries and Aquaticulture and the Department of Fisheries and Oceans. Concern over the increasing incidence of fish health problems, in particular the disease designated Hemorrhagic Kidney Syndrome, led to the decision to conduct a study to determine the experience of other Atlantic salmon aquaculture producing countries in the use of site fallowing, single year class separation, site distances and related management practices.--page 1
546 |aRésumé en français
563 |aSoftcover
590 |a98-41|b1998-10-09
7201 |aStewart, James E.
7760#|tSharing the waters : |w(CaOODSP)9.573994
830#0|aCanadian technical report of fisheries and aquatic sciences,|x0706-6457|v2218|w(CaOODSP)9.514691